History Quiz

Random History or Country Quiz

Inaugural Heads of State XIV Quiz Stats

 Plays Quiz not verified by Sporcle

Challenge
Share
Tweet
Score 0/16 Timer 04:00
0 Plays Today
% Correct
Bahamas
93.8%
Palestine
87.5%
Dominican Republic
81.3%
New Zealand
81.3%
Thailand
81.3%
United Arab Emirates
81.3%
Indonesia
68.8%
Qatar
68.8%
% Correct
Cameroon
62.5%
East Timor
62.5%
Georgia
62.5%
Switzerland
62.5%
Afghanistan
56.3%
Federated States of Micronesia
56.3%
Maldives
50%
Kiribati
31.3%

You're not logged in!

Compare scores with friends on all Sporcle quizzes.
Join for Free
OR
Log In

You Might Also Like...

Show Comments

Extras

Top Quizzes Today


Score Distribution

Your Account Isn't Verified!

In order to create a playlist on Sporcle, you need to verify the email address you used during registration. Go to your Sporcle Settings to finish the process.

Report this User

Report this user for behavior that violates our Community Guidelines.

Details: